000 00626nam a2200205Ia 4500
003 IN-BaIIA
008 211028s9999 xx 000 0 eng d
020 _a978-0-521-59264-2
040 _cIIA Library
080 _a53:52-852
_bGOM
100 _aGombosi, Tamas I
_923072
245 0 _aPhysics of space environment
_cTamas I. Gombosi
260 _aCambridge
_bCambridge University Press
_c1998
300 _axviii, 339p.
490 _aCambridge atmospheric and space science series
650 _aEarth atmosphere
650 _aSpace
_93725
650 _aSun
_91200
942 _cBK
999 _c13096
_d13096